Учебник французского языка для старших курсов технических вузов (по программе факультатива): учебное пособие

Bibliographic Details
Main Author: Король Е. В. Елена Владимировна
Other Authors: Петрова Е. В. Елена Владимировна
Language:French
Russian
Published: Москва, Высшая школа, 1975
Subjects:
Format: Book
KOHA link:https://koha.lib.tpu.ru/cgi-bin/koha/opac-detail.pl?biblionumber=23513

MARC

LEADER 00000nam0a2200000 4500
001 23513
005 20231101205544.0
035 |a (RuTPU)RU\TPU\book\23733 
035 |a BOOK00023806 
090 |a 23513 
100 |a 20011209d1975 m y0rusy50 ca 
101 0 |a fre  |a rus 
102 |a RU 
105 |a a j 000zy 
200 1 |a Учебник французского языка для старших курсов технических вузов (по программе факультатива)  |e учебное пособие  |f Е. В. Король, А. Н. Петрова 
210 |a Москва  |c Высшая школа  |d 1975 
215 |a 239 с.  |c ил. 
606 1 |a Французский язык  |x Учебные руководства и пособия для вузов  |2 stltpush  |3 (RuTPU)RU\TPU\subj\16836  |9 42736 
610 1 |a лексика 
610 1 |a грамматика 
610 1 |a учебные пособия 
686 |a Ш147.11-923  |v LBC/SL-A  |2 rubbk 
700 1 |a Король  |b Е. В.  |g Елена Владимировна 
701 1 |a Петрова  |b Е. В.  |g Елена Владимировна 
801 0 |a RU  |b 63413507  |c 20011209  |g PSBO 
801 2 |a RU  |b 63413507  |c 20170419  |g PSBO 
942 |c BK